| 000 | 00851pam a2200253 a 4500 | ||
|---|---|---|---|
| 001 | 3450004 | ||
| 005 | 20250310114841.0 | ||
| 008 | 920616s1993 ilua b 001 0 eng | ||
| 020 | _a0256105162 | ||
| 020 | _a0256108250 (International student ed.) | ||
| 020 | _a9780256105162 | ||
| 050 | 0 | 0 |
_aHF5823 _b.B387 1993 |
| 082 | 0 | 0 |
_a659.1 _220 |
| 100 | 1 |
_aBelch, George E. _q(George Edward), _d1951- |
|
| 245 | 1 | 0 |
_aIntroduction to advertising & promotion : _ban integrated marketing communications perspective / _cGeorge E. Belch, Michael A. Belch. |
| 250 | _a2nd ed. | ||
| 260 |
_aHomewood, IL : _bIrwin, _cc1993. |
||
| 300 |
_a1 v. (various pagings) : _bill. (some col.) ; _c29 cm. |
||
| 650 | 0 | _aAdvertising. | |
| 650 | 0 | _aSales promotion. | |
| 650 | 0 | _aCommunication in marketing. | |
| 700 | 1 | _aBelch, Michael A. | |
| 942 |
_2lcc _cBK _e2nd Ed. _n0 |
||
| 999 |
_c4639 _d4639 |
||